[Event "Khomeyn Aftab Cup op 2nd"]
[Site "Khomeyn"]
[Date "2018.08.31"]
[Round "9"]
[White "Gholami Orimi, Mahdi"]
[Black "Mahdavi, Hassan"]
[Result "1-0"]
[WhiteElo "2333"]
[BlackElo "2110"]
[PlyCount "93"]
[EventDate "2018.08.25"]
[EventType "swiss"]
[EventRounds "9"]
[EventCountry "IRI"]
[SourceTitle "CBM 186 Extra"]
[Source "ChessBase"]
[SourceDate "2018.08.24"]
[SourceVersion "1"]
[SourceVersionDate "2018.08.24"]
[SourceQuality "1"]

1. d4 Nf6 2. Bg5 c5 3. Bxf6 gxf6 4. Nf3 cxd4 5. Nxd4 Nc6 6. Nb3 Bg7 7. g3 f5 8. c3 h5 9. h4 Qb6 10. Na3 Ne5 11. Qc2 Qf6 12. 0-0-0 f4 13. gxf4 Qxf4+ 14. e3 Qf6 15. Nb5 Kd8 16. c4 Ng4 17. Rd2 d6 18. Na5 a6 19. Nc3 Qf5 20. Nxb7+ Ke8 21. Bd3 Qd7 22. Na5 Qc7 23. Be4 Rb8 24. Nc6 Rb6 25. Nd4 e6 26. Na4 Rb4 27. Nc6 Rb7 28. Rhd1 Bf8 29. Qc3 Rh6 30. Na5 Rb8 31. Nc6 Rb7 32. Na5 Rb8 33. Bc6+ Bd7 34. c5 d5 35. Bxd7+ Qxd7 36. b3 Rf6 37. f4 Bg7 38. e4 Kf8 39. c6 Qc7 40. exd5 exd5 41. Rxd5 Qxf4+ 42. Kb1 Rd6 43. Qc5 Qe4+ 44. R5d3 Be5 45. Nc3 Qf5 46. Nc4 Nf2 47. Nxe5 1-0